|
|
|
|
| LEADER |
00000cam a2200000 i 4500 |
| 001 |
1/124640 |
| 008 |
220405s2020 gr ||0 h gre|| |
| 020 |
|
|
|a 9786182000052
|q (χαρτόδετο)
|
| 040 |
|
|
|a GR-MY-UA
|b gre
|e aacr
|
| 041 |
0 |
|
|a gre
|
| 082 |
0 |
|
|a 889.74
|2 (23)
|
| 100 |
1 |
|
|a Τσιφόρος, Νίκος,
|d 1909-1970.
|
| 245 |
1 |
1 |
|a Η πινακοθήκη των ηλιθίων /
|c Νίκος Τσιφόρος.
|
| 260 |
|
|
|a Αθήνα :
|b Ερμής,
|c 2020.
|
| 300 |
|
|
|a 84 σ.;
|c 21 εκ.
|
| 500 |
|
|
|a Ειδική έκδοση για την εφημερίδα "Τα Νέα"
|
| 650 |
0 |
0 |
|a Humorous stories, Greek.
|
| 650 |
0 |
0 |
|a Greek wit and humor.
|
| 650 |
0 |
0 |
|a Greek fiction, Modern.
|
| 852 |
|
|
|a INST
|b LEMNOS
|e 20220405
|h 889.74 ΤΣΙ
|p 005600003394
|q 005600003394
|t BK
|y 0
|
| 970 |
|
|
|a Παπαθανασοπούλου
|b Έλενα
|z 05/04/2022
|